000 01731nam a2200349 a 4500
001 79442
003 BD-RjUL
005 20220222143341.0
008 220222s1966 le 000 0 eng d
035 _a(BD-RjUL)79442
040 _aHAI
_beng
_cBD-RjUL
041 0 _aeng
_aara
082 _223
_a181.07
_bRAS 1966
100 1 _aRāzī, Fakhr al-Dīn Muḥammad ibn ʻUmar,
_d1149 or 1150-1210
_91531
245 1 2 _aA study of Fakhr al-Din al-Razi, and his controversies in Transoxiana /
_c[by] Fathalla Kholeif
246 3 3 _aمناظرات فخر الدين الرازي في بلاد ما وراء النهر
260 _aBeyrouth :
_bDar el-Machreq,
_c1966
300 _axvi, 226, 70 p. ;
_c25 cm.
490 1 _aUniversite Saint-Joseph (Beirut, Lebanon). Institut de lettres orientales. Recherches ;
_v1:31
490 1 _aRecherches (Universite Saint-Joseph (Beirut, Lebanon). Institut de lettres orientales).
500 _aباب اضافي بالعربية: مناظرات فخر الدين الرازي في بلاد ما وراء النهر
500 _aIn Arabic and English.
500 _aAdded t.p. in Arabic.
650 4 _aIslamic philosophy
_vEarly works to 1800.
_91532
700 1 _aالرازي، فخر الدين محمد بن عمر،
_d1149 أو 1150-1210
_91533
700 1 _aخليف، فتح الله
_91534
700 1 _aKhulaif, Fath Allah
_91535
830 0 _aRecherches (Universite Saint-Joseph (Beirut, Lebanon). Institut de lettres orientales)
_91536
830 0 _aRecherches (Universite Saint-Joseph (Beirut, Lebanon). Institut de lettres orientales) ;
_v31
_91536
830 0 _aRecherches (Universite Saint-Joseph (Beirut, Lebanon). Institut de lettres orientales).
_91536
942 _2ddc
_cBK
999 _c79442
_d79442